000 02246njm a2200589 i 4500
001 34985
003 KOSZ 005
005 20220822090340.0
007 sd fsngnnmmned
008 061010s2005 pl munn 000 0 d
020 _a8360004366
020 _a8360004064
040 _cKOSZ 005
_aKOSZ 005
_dKOSZ 005/AR
041 0 _apol
046 _k2005
080 _a785(430)
080 _a(086.7)
100 1 _aWagner, Richard
_d(1813-1883)
_eKompozytor
245 1 0 _aWagner /
_cRichard Wagner.
260 _aWarszawa :
_bMediasat Poland,
_c2005.
300 _a1 płyta CD (64 min 29 s) :
_bzapis cyfrowy, stereo ;
_c12 cm +
_e1 dodatek : 43 strony : ilustracje ; 13 cm x 14 cm.
336 _2rdacontent
_aNagranie muzyczne
_bprm
336 _2rdacontent
_3Dodatek
_aTekst
_btxt
337 _2rdamedia
_aAudio
_bs
337 _2rdamedia
_aKomputer
_bc
337 _2rdamedia
_3Dodatek
_aBez urządzenia pośredniczącego
_bn
338 _2rdacarrier
_aPłyta audio
_bd
338 _2rdacarrier
_3Dodatek
_aWolumin
_bc
380 _aMuzyka
388 _a1801-1900
490 1 _aBiblioteka Gazety Wyborczej. Wielcy Kompozytorzy ;
_v30
500 _aTekst komentarza: Marta Biesiekierska.
500 _aWykonanie: Royal Philharmonic Orchestra ; Vernon Handley, dyrygent.
500 _aNagranie: Kościół św. Augustyna, Kilburn, Londyn październik 1993 rok.
505 _aWalkiria, Rienzi - ostatni trybun, Lohengrin, Idylla Zygfryda, Holender tułacz, Tannhäuser.
600 1 7 _aWagner, Richard
_d(1813-1883)
648 7 _a1801-1900
650 9 _aKompozytorzy niemieccy
655 7 _aDokumenty dźwiękowe
655 7 _aMuzyka instrumentalna
655 7 _aMuzyka na orkiestrę
655 7 _aMuzyka poważna
655 7 _aOpera (utwór muzyczny)
655 7 _aPoemat symfoniczny
655 7 _aUwertura
700 1 _aDzienkiewicz, Marta
_eTekst
_d(1977- )
700 1 _aHandley, Vernon
_eDyrygent
_d(1930- )
710 2 _aRoyal Philharmonic Orchestra (Londyn)
_eWykonanie
710 2 _aMediasat Poland
_eWydawca
830 0 _aBiblioteka Gazety Wyborczej..
_pWielcy Kompozytorzy
_v30
942 _cCD
_2UKD
999 _c34985
_d34985